| 000 | 00871nac a22002771i 4500 | ||
|---|---|---|---|
| 003 | EG-ScBUE | ||
| 005 | 20240922093839.0 | ||
| 008 | 240922t2005 maua f 001 0 eng d | ||
| 020 | _a0763732354 | ||
| 020 | _a9780763732356 | ||
| 040 |
_aEG-ScBUE _beng _erda _cEG-ScBUE _dEG-ScBUE |
||
| 082 | 0 | 4 |
_a512.5 _bWIL _222 |
| 100 | 1 |
_aWilliams, Gareth, _eauthor. |
|
| 245 | 1 | 0 |
_aLinear algebra with applications / _cGareth Williams, Stetson University. |
| 250 | _aFifth edition. | ||
| 264 | 1 |
_aBoston : _bJones and Bartlett Publishers, _c[2005] |
|
| 264 | 4 | _cc2005 | |
| 300 |
_axv, 670 pages : _billustrations ; _c24 cm |
||
| 336 |
_2rdacontent _atext _btxt |
||
| 337 |
_aunmediated _2rdamedia _bn |
||
| 338 |
_avolume _bnc _2rdacarrier |
||
| 500 | _aIncludes index. | ||
| 650 | 7 |
_aAlgebras, Linear _vTextbooks. _2BUEsh |
|
| 655 | _vReading book | ||
| 942 |
_cBB _2ddc |
||
| 999 |
_c1999 _d1999 |
||